000 00329 a2200145 4500
001 174207
020 _a
040 _cMagnum
100 _aTasca, Maria
240 1 0 _aDesenvolvendo a lingua falada e escrita
_lpor
245 1 0 _aDesenvolvendo a lingua falada e escrita
362 0 _a1899
697 _aPEDAGOGIA
942 _cBK
999 _c174207
_d174207